Word Ladder: Might As Well Quiz Stats

 Plays Quiz Updated Oct 6, 2016

Score 0/39 Timer 04:00
0 Plays Today
Hint 4-Letter Word % Correct
Actor's part in a playROLE
95.9%
▲ Chair, stool, or bench ▲SEAT
95.2%
The seven oceansSEAS
94.8%
Judo or karate achievementBELT
94.6%
What 'X' might markSPOT
94.5%
Perceives with eyesSEES
94.5%
Visit one or more stores SHOP
94.5%
▲ Strong cord of twisted fibers ▲ROPE
94.2%
▲ Small glass of whiskey ▲SHOT
94.2%
Of fruit: ready to eatRIPE
93.9%
Bundle of hayBALE
93.2%
▲ Matching jacket and trousers ▲SUIT
93.1%
Hack with an axeCHOP
93.1%
Building locationSITE
92.8%
Audible breathSIGH
92.5%
▲ Formal gala ▲BALL
92.4%
Begins legal action against anotherSUES
92.4%
Flog repeatedlyBEAT
91.5%
▲ Located far above the ground ▲HIGH
91.5%
Archenemies of the Jedi SITH
90.6%
Hint 4-Letter Word % Correct
Metallic clanging objectBELL
90.2%
Customary religious observanceRITE
90.1%
Place where coins are madeMINT
89.5%
Unhealthy rattle in lungsRALE
88.9%
ExpectorateSPIT
88.5%
Hard fat used as bird foodSUET
88.4%
Belly button fuzzLINT
88%
Highest of Alps: ____ BlancMONT
87.4%
Poultry palaceCOOP
82.4%
Isolated, singleLONE
80.6%
▲ Measuring a great distance ▲LONG
66.5%
Of little practical meaningMOOT
65.7%
Illumination deviceLAMP
65%
Dark rail-like birdCOOT
64.8%
Of an excuse: feeble, flimsyLAME
63.6%
Fish of the cod familyLING
63.3%
Capital of TogoLOMÉ
62.1%
Protuberance or swellingLUMP
59.4%
▲▲ COMMON BOND ▲▲JUMP
41%

Today's Daily Dose

You're not logged in!

Compare scores with friends on all Sporcle quizzes.
Join for Free
OR
Log In

You Might Also Like...

Show Comments

Extras

Top Quizzes Today


Score Distribution

Your Account Isn't Verified!

In order to create a playlist on Sporcle, you need to verify the email address you used during registration. Go to your Sporcle Settings to finish the process.

Report this User

Report this user for behavior that violates our Community Guidelines.

Details: